000 01377naa a22003737a 4500
001 BR8300154
003 BR-BrBNA
005 20240918175219.0
007 ta
008 230509b bl.||||| |||| 00| 0 por d
040 _aBR-BrBNA
_bpor
_cBiblioteca Nacional de Agricultura
041 _a(Pt)
072 _aF30
_b0336
_bG514
090 _aF30 BR8300154
100 1 _aCarraro, I.M.
100 1 _aHarada, A.
100 1 _aFonseca Junior, N. da S.
100 1 _aBairrao, J.F.
100 1 _aBego, A.
245 1 _aMelhoramento da soja no programa OCEPAR no periodo 1979/81 [Organizacao das Cooperativas do Estado do Parana, Brasil]
246 1 _a[Soybean improvement in the OCEPAR program in the period 1979/81 [Organization of Cooperatives of the state of Parana, Brazil]]
246 1 _a[Soybean research findings in 1979/80 and 1980/81]
260 3 _aCascavel, PR (Brasil):
_c1982.
500 _aResultados de pesquisa com soja nos anos de 1979/80 e 1980/81 Cascavel, PR (Brasil): 1982. p. 3-10 (BR8300154-AM)F30
650 _aGENETICA VEGETAL
650 _aSOJA
650 _aLINHAGEM
650 _aVARIEDADE
650 _aGENOTIPO
650 _aPARANA
773 0 _tResultados de pesquisa com soja nos anos de 1979/80 e 1980/81
_wF30 BR8300154
_gCascavel, PR (Brasil), 1982. p. 3-10
909 _a202404
_bLucia
_c55
_dLucia Elande
942 _cAM
_2AGRIS
999 _c315657
_d315657